[Event "XLVII C.to Torinese Assoluto 2002"]
[Site "Torino ITA"]
[Date "2003.01.??"]
[Round "5"]
[White "Fassio, Luca"]
[Black "Barbiso, Tiziana"]
[WhiteElo "2145"]
[BlackElo "2043"]
[Result "1-0"]
[PlyCount "81"]
[EventDate "2003.01.20"]

1. e4 e6 2. d4 d5 3. Nd2 Nc6 4. Ngf3 Nf6 5. e5 Nd7 6. c3 Be7 7. Bd3 f6 8. exf6
Bxf6 9. O-O O-O 10. b4 a6 11. Qb3 Re8 12. a4 Nf8 13. Ba3 e5 14. b5 Na5 15. Qa2
exd4 16. cxd4 axb5 17. axb5 Be6 18. Qc2 h6 19. Bb4 b6 20. Qc3 Qd7 21. Bxa5 Rxa5
22. Rxa5 bxa5 23. Qxa5 Bg4 24. Rc1 Ne6 25. h3 Bxf3 26. Nxf3 Nxd4 27. Nxd4 Bxd4
28. Rxc7 Qd6 29. Rc6 Qf4 30. Rc2 Be5 31. g3 Qf3 32. Be2 Qf5 33. Qd2 Bd4 34. Bg4
Re1+ 35. Kg2 Qe4+ 36. Bf3 Qe5 37. Qd3 Bb6 38. Rc8+ Kf7 39. Bxd5+ Ke7 40. Bc6
Bd8 41. Qxd8+ 1-0

[Event "XLVII C.to Torinese Assoluto 2002"]
[Site "Torino ITA"]
[Date "2003.01.??"]
[Round "5"]
[White "Fuggetta, Leonardo"]
[Black "Pulito, Alberto"]
[WhiteElo "2055"]
[BlackElo "2019"]
[Result "0-1"]
[PlyCount "62"]
[EventDate "2003.01.20"]

1. Nf3 d5 2. d4 Nf6 3. g3 c6 4. Bg2 Bf5 5. Nbd2 e6 6. c4 Bd6 7. b3 Nbd7 8. Bb2
O-O 9. O-O Re8 10. Ne5 Qc7 11. f4 Ng4 12. Nxg4 Bxg4 13. Bc3 c5 14. Re1 cxd4 15.
Bxd4 e5 16. fxe5 Bxe5 17. Nf3 Bxf3 18. exf3 dxc4 19. f4 Bxd4+ 20. Qxd4 cxb3 21.
axb3 Nf6 22. Rxe8+ Rxe8 23. Qxa7 Qc3 24. Rf1 b5 25. Rf3 Qd2 26. Rf2 Qd1+ 27.
Rf1 Qxb3 28. Qd4 h6 29. Rd1 b4 30. Bf1 Rc8 31. Bd3 Qxd1+ 0-1

[Event "XLVII C.to Torinese Assoluto 2002"]
[Site "Torino ITA"]
[Date "2003.01.??"]
[Round "5"]
[White "Pepino, Enrico"]
[Black "Maccagno, Giancarlo"]
[WhiteElo "2084"]
[BlackElo "2130"]
[Result "1/2-1/2"]
[PlyCount "39"]
[EventDate "2003.01.20"]

1. e4 g6 2. d4 d6 3. Nc3 c6 4. f4 d5 5. e5 h5 6. Nf3 Bg4 7. Bd3 e6 8. h3 Bxf3
9. Qxf3 Nd7 10. Be3 Qb6 11. O-O-O Bb4 12. Ne2 h4 13. g4 hxg3 14. Nxg3 Be7 15.
h4 Rxh4 16. Rxh4 Bxh4 17. Qg4 Bxg3 18. Bxg6 Ne7 19. Bd3 O-O-O 20. Qxg3 1/2-1/2

[Event "XLVII C.to Torinese Assoluto 2002"]
[Site "Torino ITA"]
[Date "2003.01.??"]
[Round "5"]
[White "Ricca, Roberto"]
[Black "Fabbri, Mario"]
[WhiteElo "2100"]
[BlackElo "2190"]
[Result "0-1"]
[PlyCount "72"]
[EventDate "2003.01.20"]

1. e4 e5 2. Nf3 Nc6 3. Bc4 Bc5 4. O-O d6 5. c3 Bg4 6. a4 Bb6 7. b4 a6 8. d3 Nf6
9. Re1 h6 10. Nbd2 O-O 11. h3 Be6 12. Ba3 Ba7 13. Qb3 Re8 14. Bd5 Bxd5 15. exd5
Ne7 16. c4 Qd7 17. Bb2 Nf5 18. Ne4 Nxe4 19. dxe4 Ne7 20. Nh4 g5 21. Qg3 Kh7 22.
Nf3 f6 23. Nh2 Rg8 24. Qf3 f5 25. Qc3 Raf8 26. c5 fxe4 27. Rxe4 Qf5 28. Qc2
Nxd5 29. g4 Qg6 30. Qc4 Nxb4 31. Qxb4 Bxc5 32. Qxb7 Rxf2 33. Bd4 Bxd4 34. Rxd4
Rxh2 35. Qxc7+ Rg7 36. Qxd6 Qc2 0-1

[Event "XLVII C.to Torinese Assoluto 2002"]
[Site "Torino ITA"]
[Date "2003.01.??"]
[Round "6"]
[White "De Barberis, Massimo"]
[Black "Fuggetta, Leonardo"]
[WhiteElo "2102"]
[BlackElo "2055"]
[Result "1-0"]
[PlyCount "92"]
[EventDate "2003.01.20"]

1. d4 d6 2. Nc3 c6 3. e4 Nf6 4. Be3 Nbd7 5. Nf3 e5 6. Bc4 h6 7. a4 Qc7 8. O-O
Be7 9. Nh4 Nb6 10. Bb3 d5 11. dxe5 Nxe4 12. Nxe4 dxe4 13. Qh5 Bxh4 14. Qxh4
Qxe5 15. f3 O-O 16. fxe4 Be6 17. Bxe6 Qxe6 18. b3 Rfe8 19. Qh5 Re7 20. Bc5 Qe5
21. Qf5 Qxf5 22. exf5 Re5 23. Bd4 Re2 24. Rf2 Rxf2 25. Kxf2 Rd8 26. Be3 f6 27.
g4 Kf7 28. Re1 Rd5 29. c4 Rd7 30. Ke2 Nc8 31. Rd1 Ke8 32. Rxd7 Kxd7 33. Bc5 Ke8
34. Kd3 a6 35. Kd4 b6 36. Ba3 c5+ 37. Kd5 Kd7 38. Bb2 Ne7+ 39. Ke4 Kc6 40. h4
b5 41. axb5+ axb5 42. g5 hxg5 43. hxg5 bxc4 44. bxc4 Ng8 45. Kf4 Kd6 46. Kg4
Ke7 1-0

[Event "XLVII C.to Torinese Assoluto 2002"]
[Site "Torino ITA"]
[Date "2003.01.??"]
[Round "6"]
[White "Fabbri, Mario"]
[Black "Pepino, Enrico"]
[WhiteElo "2190"]
[BlackElo "2084"]
[Result "1/2-1/2"]
[PlyCount "85"]
[EventDate "2003.01.20"]

1. d4 Nf6 2. c4 g6 3. Nc3 Bg7 4. e4 d6 5. f3 O-O 6. Be3 e5 7. Nge2 c6 8. Qd2
Nbd7 9. d5 c5 10. g4 a6 11. Ng3 Rb8 12. h4 Qa5 13. h5 Rd8 14. Qh2 Nf8 15. Bd2
Bd7 16. Nf5 Bxf5 17. exf5 Qc7 18. Ne4 Nxe4 19. fxe4 gxf5 20. gxf5 Bf6 21. Bd3
Qe7 22. Ke2 Nd7 23. Rag1+ Kh8 24. Rg4 Rg8 25. Rhg1 Rxg4 26. Rxg4 Rg8 27. Qg2
Rxg4 28. Qxg4 Qd8 29. Bc2 Qg8 30. Kf3 Qxg4+ 31. Kxg4 Bd8 32. h6 Kg8 33. Kf3 Kf8
34. a3 a5 35. Ba4 Ke7 36. Bg5+ f6 37. Bd2 Nb6 38. Bb5 Na8 39. b4 axb4 40. axb4
b6 41. Ke3 Nc7 42. bxc5 dxc5 43. Kd3 1/2-1/2

[Event "XLVII C.to Torinese Assoluto 2002"]
[Site "Torino ITA"]
[Date "2003.01.??"]
[Round "6"]
[White "Faraoni, Enrico"]
[Black "Maccagno, Giancarlo"]
[WhiteElo "2182"]
[BlackElo "2130"]
[Result "1-0"]
[PlyCount "31"]
[EventDate "2003.01.20"]

1. e4 g6 2. d4 c6 3. Nc3 d6 4. Be3 Bg7 5. f4 Nf6 6. Nf3 O-O 7. Qd2 Ng4 8. O-O-O
Nxe3 9. Qxe3 Qb6 10. h4 Bg4 11. h5 e5 12. hxg6 hxg6 13. fxe5 dxe5 14. Nxe5 Bxd1
15. Nxg6 Qxd4 16. Ne7# 1-0

[Event "XLVII C.to Torinese Assoluto 2002"]
[Site "Torino ITA"]
[Date "2003.01.??"]
[Round "6"]
[White "Fassio, Luca"]
[Black "Cordara, Michele"]
[WhiteElo "2145"]
[BlackElo "2187"]
[Result "1-0"]
[PlyCount "46"]
[EventDate "2003.01.20"]

1. e4 Nc6 2. Nf3 e6 3. d4 d5 4. Nbd2 Nf6 5. e5 Nd7 6. c3 f5 7. exf6 Qxf6 8. Be2
Bd6 9. O-O e5 10. dxe5 Ndxe5 11. Nb3 O-O 12. Qxd5+ Be6 13. Qd1 Rad8 14. Nbd4
Nxf3+ 15. Bxf3 Nxd4 16. cxd4 Bc5 17. d5 Qf5 18. Qb3 Bxd5 19. Bxd5+ Rxd5 20. Be3
Bb6 21. Rad1 Rfd8 22. Rxd5 Qxd5 23. Rd1 Qxb3 1-0

[Event "XLVII C.to Torinese Assoluto 2002"]
[Site "Torino ITA"]
[Date "2003.01.??"]
[Round "6"]
[White "Ricca, Roberto"]
[Black "Giacometto, Mario"]
[WhiteElo "2100"]
[BlackElo "1777"]
[Result "1-0"]
[PlyCount "71"]
[EventDate "2003.01.20"]

1. e4 Nf6 2. d3 d6 3. Be2 g6 4. g4 h5 5. g5 Nfd7 6. f4 e6 7. Nf3 c5 8. Bd2 Nc6
9. Bc3 Rg8 10. a4 a5 11. Na3 b6 12. d4 Nb4 13. d5 Bb7 14. Bc4 Qe7 15. Nb5 O-O-O
16. O-O exd5 17. exd5 Qe3+ 18. Kh1 Qxf4 19. b3 Qe4 20. Bxb4 cxb4 21. Qd2 Ne5
22. Rae1 Nxf3 23. Qg2 Qg4 24. Rxf3 Qxg2+ 25. Kxg2 Rg7 26. Kg3 Kd7 27. Nd4 Kc7
28. h4 Bc8 29. Nc6 Rd7 30. Re8 Rg8 31. Na7 Rd8 32. Rxf7+ Bd7 33. Re4 Kb7 34.
Nc6 Kc7 35. Bb5 Ra8 36. Nd4 1-0

[Event "XLVII C.to Torinese Assoluto 2002"]
[Site "Torino ITA"]
[Date "2003.01.??"]
[Round "7"]
[White "De Barberis, Massimo"]
[Black "Pulito, Alberto"]
[WhiteElo "2102"]
[BlackElo "2019"]
[Result "1-0"]
[PlyCount "120"]
[EventDate "2003.01.20"]

1. e4 d5 2. exd5 Nf6 3. Nc3 Nxd5 4. Bc4 Nxc3 5. Qf3 e6 6. Qxc3 c5 7. Nf3 Nc6 8.
O-O a6 9. d3 Nd4 10. Nxd4 cxd4 11. Qe1 Be7 12. Bb3 Bd7 13. c4 Bc6 14. Bf4 O-O
15. Bg3 Re8 16. Bd1 Bd6 17. b4 e5 18. Bb3 b6 19. Qd2 Qe7 20. a3 a5 21. b5 Bb7
22. Qb2 Qg5 23. Qe2 Qg6 24. f3 Kh8 25. Kh1 f5 26. Qd2 Qf6 27. Bf2 g5 28. Qb2 h5
29. Rae1 Kh7 30. Bg1 h4 31. h3 Qg6 32. Bd1 Rad8 33. Bh2 Bc8 34. Rf2 Re7 35.
Ref1 Bc5 36. Re1 Rde8 37. Ref1 Bb7 38. Bg1 Re6 39. Re2 g4 40. fxg4 fxg4 41.
hxg4 h3 42. Re4 Bxe4 43. dxe4 Qxe4 44. Bf3 Qg6 45. Bd5 R6e7 46. gxh3 Rg7 47.
Rf5 Rge7 48. Qf2 Kg7 49. Bh2 e4 50. Qf4 Bd6 51. Qxd6 Qxd6 52. Bxd6 d3 53. Bxe7
Rxe7 54. Bxe4 Rxe4 55. Rd5 Re3 56. Kg2 Re2+ 57. Kf3 Rh2 58. Rxd3 Rxh3+ 59. Ke4
Rh1 60. Ke5 Rc1 1-0

[Event "XLVII C.to Torinese Assoluto 2002"]
[Site "Torino ITA"]
[Date "2003.01.??"]
[Round "7"]
[White "Fuggetta, Leonardo"]
[Black "Giacometto, Mario"]
[WhiteElo "2055"]
[BlackElo "1777"]
[Result "1-0"]
[PlyCount "67"]
[EventDate "2003.01.20"]

1. Nf3 g6 2. d4 Bg7 3. c4 d6 4. Nc3 Nf6 5. h3 O-O 6. e4 e5 7. d5 a5 8. Bg5 h6
9. Be3 Na6 10. g4 Ne8 11. Nd2 Kh7 12. h4 Rh8 13. g5 h5 14. Bh3 f6 15. Nf1 fxg5
16. hxg5 Bf8 17. Bf5 Kg7 18. Bxg6 Kxg6 19. Ng3 h4 20. Nf5 h3 21. f4 Qd7 22. Qg4
Qh7 23. O-O-O Qh5 24. Qg3 Nc5 25. Nh6 Bxh6 26. f5+ Kh7 27. Rxh3 Nxe4 28. Nxe4
Qe2 29. Rxh6+ Kg7 30. Rxh8 Qxc4+ 31. Nc3 Kxh8 32. Qh3+ Kg8 33. Rh1 Ng7 34. Qh8+
1-0

[Event "XLVII C.to Torinese Assoluto 2002"]
[Site "Torino ITA"]
[Date "2003.01.??"]
[Round "7"]
[White "Maccagno, Giancarlo"]
[Black "Barbiso, Tiziana"]
[WhiteElo "2130"]
[BlackElo "2043"]
[Result "1/2-1/2"]
[PlyCount "39"]
[EventDate "2003.01.20"]

1. e4 e6 2. d4 d5 3. e5 c5 4. c3 Nc6 5. Nf3 Qb6 6. a3 Bd7 7. b4 cxd4 8. cxd4
Rc8 9. Bb2 Na5 10. Nbd2 Nc4 11. Nxc4 dxc4 12. Rc1 a5 13. Bxc4 axb4 14. a4 Be7
15. O-O Nh6 16. d5 exd5 17. Qxd5 Bc6 18. Qd4 Qxd4 19. Nxd4 O-O 20. Nxc6 1/2-1/2

[Event "XLVII C.to Torinese Assoluto 2002"]
[Site "Torino ITA"]
[Date "2003.01.??"]
[Round "7"]
[White "Nardelli, Marco"]
[Black "Fassio, Luca"]
[WhiteElo "1911"]
[BlackElo "2145"]
[Result "1-0"]
[PlyCount "64"]
[EventDate "2003.01.20"]

1. e4 g6 2. d4 Bg7 3. Nc3 d6 4. g3 Nf6 5. Bg2 O-O 6. Nge2 e5 7. h3 c6 8. a4
Nbd7 9. Be3 Re8 10. O-O Qe7 11. Re1 Nf8 12. Qd2 Ne6 13. Rad1 Bf8 14. Kh1 Nh5
15. d5 Nd8 16. g4 Ng7 17. Ng3 c5 18. f4 exf4 19. Bxf4 f6 20. g5 Nf7 21. gxf6
Qxf6 22. e5 dxe5 23. Be3 Qh4 24. Kh2 Nf5 25. Bf2 Qd8 26. Nce4 Nxg3 27. Bxg3 Bf5
28. Qf2 Rc8 29. d6 b6 30. Bh4 g5 31. Qxf5 gxh4 32. Nf6+ Kg7 1-0

[Event "XLVII C.to Torinese Assoluto 2002"]
[Site "Torino ITA"]
[Date "2003.01.??"]
[Round "7"]
[White "Pepino, Enrico"]
[Black "Ricca, Roberto"]
[WhiteElo "2084"]
[BlackElo "2100"]
[Result "1-0"]
[PlyCount "79"]
[EventDate "2003.01.20"]

1. e4 e6 2. d4 b5 3. Bxb5 Bb7 4. Bd3 Nf6 5. Qe2 c5 6. c3 Nc6 7. Nf3 cxd4 8.
cxd4 Nb4 9. Nc3 Nxd3+ 10. Qxd3 Bb4 11. e5 Nd5 12. O-O Qa5 13. Nxd5 Qxd5 14. Be3
g5 15. Bd2 a5 16. Rfc1 g4 17. Ne1 f5 18. Bxb4 axb4 19. Rc5 Rxa2 20. Rac1 Ba6
21. Rxd5 Bxd3 22. Rd6 Ba6 23. Rxa6 Rxa6 24. Rc8+ Ke7 25. Rxh8 Ra2 26. Kf1 Rxb2
27. Rb8 Rb1 28. Ke2 b3 29. h3 Rb2+ 30. Ke3 f4+ 31. Kxf4 gxh3 32. gxh3 Rxf2+ 33.
Ke3 Rh2 34. Rxb3 Rxh3+ 35. Nf3 Rh1 36. Rb2 h5 37. Rh2 Rxh2 38. Nxh2 d6 39. Kf4
dxe5+ 40. dxe5 1-0